The art heritage of Bangladesh : with 536 illustrations /

Podrobná bibliografie
Hlavní autor: Haque, Enamul, 1936-
Korporativní autor: International Centre for Study of Bengal Art
Médium: Kniha
Jazyk:English
Vydáno: Dhaka : International Centre for Study of Bengal Art, c2007.
Edice:Studies in Bengal art series ; no. 7
Témata:
Classic Catalogue: View this record in Classic Catalogue
LEADER 01706nam a2200301 a 4500
001 0017530
003 BD-DhAAL
008 090803s2007 bg ab b 001 0 eng d
010 |a  2008307886 
020 |a 9843000008949 
040 |a DLC  |c DLC  |d BD-DhAAL 
082 0 0 |a 709.095492  |2 22 
100 1 |a Haque, Enamul,  |d 1936-  |9 25203 
245 1 4 |a The art heritage of Bangladesh :  |b with 536 illustrations /  |c Enamul Haque. 
260 |a Dhaka :  |b International Centre for Study of Bengal Art,  |c c2007. 
300 |a 408 pages :  |b illustrations (chiefly color), color map ;  |c 30 cm 
490 0 |a Studies in Bengal art series ;  |v no. 7 
504 |a Includes bibliographical references (pages [395]-400) and index. 
526 |a ARC  |x Md. Shajjad Hossain, Faculty members of the Department of Architecture 
541 1 |e 0017530  |a The International Centre for Study of Bengal ART (ICSBA) 
650 0 |a Art, Bengali  |z Bangladesh.  |9 25204 
650 0 |a Art, Bangladeshi.  |9 25205 
710 2 |a International Centre for Study of Bengal Art.  |9 25206 
852 4 |a Ayesha Abed Library  |c General Stacks 
942 0 0 |0 1  |2 ddc  |c BK 
999 |c 3238  |d 3238 
952 |0 0  |1 0  |2 ddc  |4 0  |6 709_095492000000000_HAQ  |7 0  |9 2933  |a BRACUL  |b BRACUL  |c GEN  |d 2009-08-31  |e The International Centre for Study of Bengal ART (ICSBA)  |g 5000.00  |l 10  |m 65  |o 709.095492 HAQ  |p 3010017530  |r 2024-12-22  |s 2024-12-17  |t 1  |w 2009-08-31  |y BK  |x Requisitioned by Md. Shajjad Hossain (Faculty members of the Department of Architecture). 
952 |0 0  |1 0  |2 ddc  |4 0  |6 709_095492000000000_HAQ  |7 0  |9 62985  |a BRACUL  |b BRACUL  |c GEN  |d 2018-03-20  |e Complimentary copy from the International Centre for Study of Bengal Art.  |l 2  |m 1  |o 709.095492 HAQ  |p 3010032771  |q 2025-11-18  |r 2025-10-23  |s 2025-10-23  |t 2  |w 2018-03-20  |y BK